Maličká slzička

Bibliographic Details
Main Author: Neumann, Teo (Author)
Format: Article
Language:Slovak
Subjects:

MARC

LEADER 00000nab a2200000 a 4500
001 vtls000399911
003 SK-MaSNL
005 20260302232636.0
008 111202c1990 xo 0 slo
015 |a SNBRB19rr/mm-uuuuu 
035 |a CL0400035 
040 |a SNKBUCL  |b slo  |c SNKBUCL  |e AACR2 
041 0 |a slo 
044 |a xo  |c SK 
080 |a 885.4-1  |2 1981 
080 |a 784.66  |2 1981 
100 1 |a Neumann, Teo  |4 aut  |9 965084 
245 1 0 |a Maličká slzička  |c Teo Neumann 
300 |b Noty. 
650 0 7 |a populárne piesne  |2 snkbucl  |9 3446 
655 7 |a články z novín a časopisov  |2 snkbucl  |9 267496 
655 7 |a články z odboru literárna veda a krásna literatúra  |2 snkbucl  |9 770045 
773 0 |t Rozhlas a televízia  |g Roč. 51, č. 43 (1990), s. /16/ 
850 |a Slovenská národná knižnica v Martine  |a MTA001 
852 |a SNK  |b KIS3GCP 
958 |a RK 
958 |a LX 
992 |a RBX 
999 |c 1543821  |d 1545751